000 00662nam a2200265Ia 4500
005 20260306163551.0
008 008 260114s9999 xx 000 0 eng d
020 _a9781474495479
037 _aEBOOK
040 _aCRL
040 _beng
040 _cCRL
041 _2eng
041 _aeng
084 _qCRL
100 _aKadioğlu
_91128906
245 0 _aPeace Processes In Northern Ireland And Turkey: Rethinking Conflict Resolution
260 _bEdinburgh University Press
260 _c2021
650 _aSocial Work
856 _uhttps://academic.oup.com/book/40457
942 _cEBOOK
999 _c1710617
_d1710617